1476 1119 1480 1392 1906 1503 1535 1819 1887 1385 1682 1775 1730 1313 1447 1634 1505 1809 1710 1850 1387 1137 1915 1687 1867 1774 1185 1897 1891 1878 1867 1261 1264 1357 1270 1588 1559 1580 1683 1275 1339 1098 1597 1439 1203 1827 1828 1442 1158 1066 1005 1086 1380 1038 1933 1613 1361 1796 1706 1446 1552 1980 1361 1472 1220 1948 1192 1791 1699 1636 1142 1904 1960 1462 1935 1574 1181 1866 1975 1060 1876 1421 1040 1640 1042 1372 1525 1689 1976 1149 1059 1396 1275 1783 1600 1444 1852 1543 1078 BCNSPRNW ULIB Ver.6.0+V

เปลี่ยนเป็นภาษาไทย

Change to English
 แสดงรายละเอียดบรรณานุกรม
  กลับหน้าหลัก

Brief Record : Get Marc (ISO 2709) : E-mail record : QR code < ปิดหน้าต่าง
LEADER : 00000nam 2200000uu 4500
001    13399111330
003     ULIB
008    110622s2551||||th 000 0 tha d
020    9789740321828
060  4 QU50^bส739ช
100 0  สุกัญญา สุนทรส
245 10 ชีวโมเลกุล /^cสุกัญญา สุนทรส, วิเชียร ริมพณิชยกิจ
250    พิมพ์ครั้งที่ 2 ;^bฉบับปรับปรุงแก้ไข
260    กรุงเทพฯ :^bสำนักพิมพ์แห่งจุฬาลงกรณ์มหาวิทยาลัย,^c2551
300    [13], 366 หน้า :^bภาพประกอบ ;^c26 ซม.
650  7 ชีวโมเลกุล
650  7 ชีวเคมี
700 0  วิเชียร ริมพณิชยกิจ
945    ^p250^l0^i14942
945    ^p250^l0^i14960
945    ^p250^l0^i14941
995    กัณชพร
999 ^a ใช้งานได้ทุกระบบ
รายการนี้ยังไม่มีแท็ก
คุณยังไม่ได้ล็อกอิน คุณสามารถมีกิจกรรมร่วมกับเว็บไซต์ได้ แต่ต้องล็อกอินก่อน ::
  ล็อกอิน

รายการสื่อสารสนเทศ

ลำดับที่ ประเภท เลขเรียก/บาร์โค้ด สถานที่ สถานะ
1. วิทยาศาสตร์การแพทย์ และสุขภาพ
วิทยาศาสตร์การแพทย์ และสุขภาพ
QU50 ส739ช  
  Barcode: 14941
ห้องสมุดวิทยาเขตสวรรค์ประชารักษ์
►ส่วนจัดเก็บหนังสือเก่า สปร
บนชั้น
  ขอยืม
2. วิทยาศาสตร์การแพทย์ และสุขภาพ
วิทยาศาสตร์การแพทย์ และสุขภาพ
QU50 ส739ช ฉ.3 
  Barcode: 14960
ห้องสมุดวิทยาเขตสวรรค์ประชารักษ์
►ส่วนจัดเก็บหนังสือเก่า สปร
บนชั้น
  ขอยืม

รายการใกล้เคียง
    ผู้แต่ง [สุกัญญา สุนทรส]

    หัวเรื่อง [ชีวโมเลกุล]
    หัวเรื่อง [ชีวเคมี]

BibComment


ยังไม่เคยถูกคอมเมนท์

คอมเมนท์ทรัพยากรรายการนี้
  คอมเมนท์: ชีวโมเลกุล สุกัญ..


 Copyright 2026. Bcnsprnw @Library